00534 2200181 4500001002100000005001500021035002500036090002100061245002300082260002800105300002800133008004100161082001300202084001900215100004600234650005200280990002000332YOGYA00000000003828820180710021241 a0010-081400000038006 aL 349.9598 Ind L1 aLembaran Negara RI aJakarta :b[s.n],c1977 a45 hlm :bilus ;c21 cm180710 g 0 ind  a348.9598 a348.9598 IND l aIndonesia (Undang-undang, Peraturan, dsb) aUndang-undang, Peraturan-peraturan di Indonesia a40066-BPAD/A.09